000 00807cab a2200265 4500
001 WB3316-05
008 090401t1997 xxu||||| |||| 00| 0 eng d
035 _a(Sirsi) u77929
041 _aeng
245 _aAsylums as homes
260 _c1997
350 _a0
490 _aEvening Standard Home and Property
_v23 April 1997,42(1)
520 _aCounty asylums are in popular demand as residential properties, as they are often strategically located to transport links.
650 _aCONVERSION
650 _aHOSPITALS
650 _aMENTAL ASYLUMS
650 _aMENTAL INSTITUTIONS
650 _aREDEVELOPMENT
650 _aRESIDENTIAL PROPERTY
_96266
650 _aRESIDENTIAL USE
690 _aPROPERTY-COMMERCIAL PROPERTY-COMMERCIAL PROPERTY MARKET
942 _n0
948 _c25/04/1997
999 _c49006
_d49006